000 00557nam a2200157 4500
999 _c16843
_d16843
008 220411b ||||| |||| 00| 0 eng d
022 _a0117-3308
082 _aDPer 004.1105 C73 Sept 2010 - April 2011 v. 20 n. 3-9
100 _aAmador, Emmanual.
_945020
245 _aLawrence Hughes and the second internet/
_cEmmanual Amador.
260 _aPhilippines:
_bSchneider Electric,
_c©2010-2011.
300 _av20 n3, pages 36-37:
_billustrations;
_c27 cm.
500 _aComputer world.
650 _aComputer networks
_xApplication.
_945021
942 _2ddc
_cPER